000 00932nam a2200217 a 4500
001 000027018
005 20240306073910.0
008 110329s1998 dr a 000 0 spa d
040 _aDO-SdBNP
_bspa
_cBNPHU
082 _aCu863.2
_bM378e, 1998
100 1 _aMartí, José,
_d1853-1895
_9645
245 1 0 _aLa edad de oro /
_cJosé Martí.
250 _a4a ed.
260 _aSanto Domingo :
_bAlfa y Omega,
_c1998.
300 _a235 p. :
_bil., retrs. ;
_c22 cm.
500 _aEste libro esta formado con los cuatro números de la revista La edad de oro, que Martí escribió para los niños de América. La revista se publicó en Nueva York, en los meses de julio , agosto, septiembre y octubre del año 1889. Los grabados son reporducción de los originales de la revista
650 4 _aCuentos infantiles cubanos
_9646
650 4 _aLiteratura infantil cubana
_9647
910 _aValidado. Control de calidad MFF
049 _aBNPD
999 _c26510
_d26510